Normal view
MARC view
- Aveni, Anthony F.
Entry Personal Name
001 - CONTROL NUMBER
- control field: 11241
003 - CONTROL NUMBER IDENTIFIER
- control field: NUST
005 - DATE AND TIME OF LATEST TRANSACTION
- control field: 20180625124834.0
008 - FIXED-LENGTH DATA ELEMENTS
- fixed length control field: 180625|| aca||aabn | a|a d
040 ## - CATALOGING SOURCE
- Original cataloging agency: NUST
- Transcribing agency: NUST
100 ## - HEADING--PERSONAL NAME
- Personal name: Aveni, Anthony F.
670 ## - SOURCE DATA FOUND
- Source citation: Work cat.: (NUST)48207: Aveni, Anthony F., Empires of time :, 2000.
